000 00614nam a2200229Ia 4500
003 OSt
005 20221007074212.0
006 a|||||r|||| 00| 0
007 ta
008 221006b |||||||| |||| 00| 0 eng d
024 _a25,677
037 _cTextual
040 _aFLL
_cFLL
_beng
041 _2eng
_aeng
082 _aX:5:Z73, L0-1
100 _aHerwitz David R.
_9692688
245 0 _aBusiness planning
260 _aMineola
_bThe Foundation Press, Inc. New York
_c1970
300 _aiii,228p
_ccm.
942 _hX:5:Z73, L0-1
_cTEXL
_2CC
999 _c1151521
_d1151521